1663 1281 1393 1779 1960 1568 1769 1988 1326 1963 1760 1035 1385 1469 1699 1491 1555 1789 1596 1502 1909 1176 1905 1060 1089 1638 1592 1357 1295 1642 1295 1356 1906 1798 1713 1057 1370 1299 1397 1506 1382 1335 1817 1951 1520 1106 1727 1665 1608 1133 1763 1943 1424 1407 1601 1308 1056 1957 1337 1986 1501 1671 1555 1859 1798 1484 1183 1693 1668 1429 1013 1251 1381 1944 1116 1574 1021 1844 1581 1740 1695 1940 1650 1486 1733 1586 1653 1816 1045 1753 1689 1779 1573 1287 1324 1533 1250 1898 1105 BCNSPRNW ULIB Ver.6.0+V

เปลี่ยนเป็นภาษาไทย

Change to English
 แสดงรายละเอียดบรรณานุกรม
  กลับหน้าหลัก

Brief Record : Get Marc (ISO 2709) : E-mail record : QR code < ปิดหน้าต่าง
LEADER : 00000nam 2200000uu 4500
001    13399113582
003     ULIB
008    111201s2553||||th 000 0 tha d
020    ^a9786165000482
090    ^aนว.^bณ429ญ 2553
100 0  ^aณารา
245 00 ^aญาณสื่อรัก/^cณารา
250    ^aพิมพ์ครั้งที่ 2
260    ^aกรุงเทพฯ :^bพิมพ์คำ,^c2553
300    ^a435 หน้า
710 1  ^aพิมพ์คำ
945    ^p270^l0^i16993
995    ^aกัณชพร
999    ^aใช้งานได้ทุกระบบ
รายการนี้ยังไม่มีแท็ก
คุณยังไม่ได้ล็อกอิน คุณสามารถมีกิจกรรมร่วมกับเว็บไซต์ได้ แต่ต้องล็อกอินก่อน ::
  ล็อกอิน

รายการสื่อสารสนเทศ

ลำดับที่ ประเภท เลขเรียก/บาร์โค้ด สถานที่ สถานะ
1. วิทยาศาสตร์การแพทย์ และสุขภาพ
วิทยาศาสตร์การแพทย์ และสุขภาพ
นว. ณ429ญ 2553  
  Barcode: 16993
ห้องสมุดวิทยาเขตสวรรค์ประชารักษ์
►นวนิยาย
บนชั้น
  ขอยืม

รายการใกล้เคียง
    ผู้แต่ง [ณารา]

BibComment


ยังไม่เคยถูกคอมเมนท์

คอมเมนท์ทรัพยากรรายการนี้
  คอมเมนท์: ญาณสื่อรัก ณารา


 Copyright 2026. Bcnsprnw @Library